书目信息 |
| 题名: |
财报就像一本故事书
|
|
| 作者: | 刘顺任 | |
| 分册: | ||
| 出版信息: | 太原 山西人民出版社 2008.11 |
|
| 页数: | 278页 | |
| 开本: | 20cm | |
| 丛书名: | ||
| 单 册: | ||
| 中图分类: | F213.5 | |
| 科图分类: | ||
| 主题词: | 经济计划 | |
| 电子资源: | ||
| ISBN: | 978-7-203-05785-7 | |
| 000 | 00617nam0 2200229 45 | |
| 001 | 0933954358 | |
| 005 | 20091107110310.46 | |
| 010 | @a978-7-203-05785-7@dCNY28.00 | |
| 100 | @a20090515d2008 ekmy0 y0120 ea | |
| 102 | @aCN@b130000 | |
| 102 | @aCN@b140000 | |
| 105 | @ay z 000yy | |
| 200 | 1 | @a财报就像一本故事书@f刘顺任@Fliu shun ren |
| 210 | @a太原@c山西人民出版社@d2008.11 | |
| 210 | @a太原@c山西人民出版集团@d2008.11 | |
| 215 | @a278页@d20cm | |
| 606 | 0 | @a经济计划 |
| 690 | @aF213.5@v4 | |
| 701 | 0 | @a刘顺任@Aliu shun ren |
| 801 | 0 | @aCN@c20091107 |
| 905 | @a10447@dF213.5@eL677 | |
| 906 | @d28@n3@r1 | |
| 财报就像一本故事书/刘顺任.-太原:山西人民出版社,2008.11.-太原:山西人民出版集团,2008.11 |
| 278页;20cm |
| ISBN 978-7-203-05785-7:CNY28.00 |
| ● |
| 相关链接 |
|
|
|
正题名:财报就像一本故事书
索取号:F213.5/L677
 
预约/预借
| 序号 | 登录号 | 条形码 | 馆藏地/架位号 | 状态 | 备注 |
| 1 | 897909 | 208979097 | 社科二线422/422社科库 17排2列3层/ [索取号:F213.5/L677] | 在馆 | |
| 2 | 897910 | 208979104 | 社科库409/409社科库 72排3列1层/ [索取号:F213.5/L677] | 在馆 | |
| 3 | 897911 | 208979113 | 社科库409/ [索取号:F213.5/L677] | 在馆 |